Largest Country By Language - Statistics

General Stats
  • This quiz has been taken 29 times
  • The average score is 13 of 20
Answer Stats
Language Country % Correct
Mandarin China
100%
Portuguese Brazil
89%
English Canada
89%
Spanish Argentina
81%
Hindi India
81%
Persian Iran
81%
French Democratic Republic of the Congo
78%
Malay Indonesia
78%
Burmese Myanmar
74%
Serbo-Croatian Serbia
74%
Tamil Sri Lanka
74%
Sesotho South Africa
70%
Arabic Algeria
67%
Berber/Tamazight Algeria
67%
Amharic Ethiopia
59%
Swahili Tanzania
59%
Pashto Afghanistan
56%
Bislama Vanuatu
30%
Sango Central African Republic
22%
Bambara Mali
19%
No matching quizzes found
Score Distribution
Percent of People with Each Score
Percentile by Number Answered
Your Score History
You have not taken this quiz